[Event "XXVI Ogolnopolska Olimpiada Mlodziezy"]
[Site "Pulawy"]
[Date "2020.10.07"]
[Round "4.3"]
[White "Barwinska, Ewa"]
[Black "Szopa, Emilia"]
[Result "1/2-1/2"]
[WhiteElo "1742"]
[BlackElo "1790"]
[PlyCount "123"]
[EventDate "2020.10.04"]
[EventType "swiss"]
[Tiebreak "Sum of Buchholz+Median1 Buchholz+Sonneborn-Berger (Swiss)"]

1. e4 c5 2. Nf3 Nc6 3. d4 cxd4 4. Nxd4 Nf6 5. Nc3 e5 6. Ndb5 d6 7. Bg5 a6 8.
Na3 b5 9. Nd5 Be7 10. Bxf6 Bxf6 11. c3 Bg5 12. Nc2 Ne7 13. Nce3 O-O 14. a4 bxa4
15. Rxa4 Bxe3 16. Nxe3 Qb6 17. b3 Be6 18. Bc4 Rfb8 19. Nd5 Nxd5 20. exd5 Bd7
21. Rb4 Qa5 22. Rxb8+ Rxb8 23. Qc1 Bb5 24. O-O Bxc4 25. bxc4 Qc5 26. Qa1 Qxc4
27. Qa5 h6 28. h3 Kh7 29. Ra1 Rb5 30. Qa2 Qxc3 31. Qxa6 Rxd5 32. Qa8 Qc5 33.
Qe8 Qc3 34. Qa8 Rd4 35. Rf1 e4 36. Qe8 Kg6 37. f4 exf3 38. Rxf3 Rd1+ 39. Kh2
Qe5+ 40. Rg3+ Kh7 41. Qxf7 Re1 42. Qg6+ Kh8 43. Qg4 d5 44. Qc8+ Kh7 45. Qc2+
Re4 46. Qd3 Kh8 47. Qa6 d4 48. Qc8+ Kh7 49. Qc2 Qf4 50. Kh1 g6 51. Qc6 Re1+ 52.
Kh2 Qf7 53. Rd3 Re6 54. Rf3 Qe7 55. Qc1 Qd6+ 56. Qf4 Qxf4+ 57. Rxf4 Rd6 58. Rf2
Kg7 59. Kg3 d3 60. Rd2 Kf6 61. Kf3 Ke5 62. Ke3 1/2-1/2

[Event "XXVI Ogolnopolska Olimpiada Mlodziezy"]
[Site "Pulawy"]
[Date "2020.10.07"]
[Round "4.3"]
[White "Borowik, Wojciech"]
[Black "Komendecki, Antoni"]
[Result "0-1"]
[WhiteElo "1759"]
[BlackElo "1801"]
[PlyCount "122"]
[EventDate "2020.10.04"]
[EventType "swiss"]
[Tiebreak "Sum of Buchholz+Median1 Buchholz+Sonneborn-Berger (Swiss)"]

1. d4 Nf6 2. c4 g6 3. Nf3 Bg7 4. Nc3 O-O 5. g3 d6 6. Bg2 c5 7. d5 Na6 8. O-O
Bd7 9. e4 Nc7 10. Re1 Re8 11. e5 Ng4 12. e6 fxe6 13. Ng5 e5 14. Bh3 Nf6 15.
Be6+ Bxe6 16. dxe6 Qc8 17. Nd5 Nxe6 18. Nxe6 Qxe6 19. Nc7 Qxc4 20. Nxa8 Rxa8
21. Be3 a6 22. b3 Qd5 23. Qe2 Rf8 24. Red1 Qe6 25. Bg5 Qf5 26. Bxf6 Bxf6 27.
Rd5 Bg7 28. Kg2 Qf7 29. Rad1 e4 30. R5d2 Qf3+ 31. Qxf3 exf3+ 32. Kf1 Bd4 33.
Rc2 e5 34. a3 b5 35. Rd3 g5 36. g4 Rf4 37. h3 Kf7 38. Kg1 Ke6 39. Kh2 e4 40.
Rd1 Ke5 41. Rcd2 a5 42. Kg3 Rf6 43. h4 h6 44. h5 b4 45. a4 d5 46. Kh3 Rd6 47.
Kg3 Bc3 48. Rc2 d4 49. Rcc1 d3 50. Rb1 d2 51. Rf1 Kd4 52. Rbd1 Kd3 53. Rb1 Ke2
54. Rbd1 Bd4 55. Rb1 Bc3 56. Rbd1 c4 57. bxc4 b3 58. c5 Rc6 59. Rb1 b2 60. Rfd1
Rxc5 61. Rf1 Bd4 0-1

[Event "XXVI Ogolnopolska Olimpiada Mlodziezy"]
[Site "Pulawy"]
[Date "2020.10.07"]
[Round "4.3"]
[White "Kazmierowski, Tymon"]
[Black "Madajczak, Piotr"]
[Result "1-0"]
[WhiteElo "1958"]
[BlackElo "1814"]
[PlyCount "75"]
[EventDate "2020.10.04"]
[EventType "swiss"]
[Tiebreak "Sum of Buchholz+Median1 Buchholz+Sonneborn-Berger (Swiss)"]

1. Nf3 d5 2. d4 Nf6 3. c4 e6 4. g3 Bb4+ 5. Nbd2 dxc4 6. Bg2 b5 7. O-O a5 8. Qc2
Bb7 9. a4 c6 10. Rd1 O-O 11. Ne4 h6 12. Ne5 Nd5 13. g4 Nd7 14. g5 f5 15. Nxd7
Qxd7 16. Nc5 Bxc5 17. dxc5 Qe7 18. gxh6 g6 19. b3 cxb3 20. Qxb3 Qxc5 21. Bb2
Rf7 22. Qg3 Kh7 23. Rac1 Qb4 24. Qe5 bxa4 25. Rd3 Re8 26. Rh3 Qf4 27. Qg7+ Rxg7
28. hxg7+ Kg8 29. Rh8+ Kf7 30. Rxe8 Nf6 31. Bxf6 Qxc1+ 32. Bf1 Kxf6 33. g8=Q
Qg5+ 34. Kh1 c5+ 35. f3 Qh6 36. Qxe6+ Kg5 37. Qe7+ Kh5 38. Qf6 1-0

[Event "XXVI Ogolnopolska Olimpiada Mlodziezy"]
[Site "Pulawy"]
[Date "2020.10.07"]
[Round "4.3"]
[White "Slusarczyk, Anna"]
[Black "Nieckarz, Maja"]
[Result "0-1"]
[WhiteElo "1330"]
[BlackElo "1426"]
[PlyCount "104"]
[EventDate "2020.10.04"]
[EventType "swiss"]
[Tiebreak "Sum of Buchholz+Median1 Buchholz+Sonneborn-Berger (Swiss)"]

1. Nf3 c5 2. g3 g6 3. Bg2 Bg7 4. d3 Nc6 5. O-O Nf6 6. Nbd2 O-O 7. e4 d6 8. Nb3
Rb8 9. Nh4 b5 10. f4 Qb6 11. Be3 Ng4 12. Qd2 Nxe3 13. Qxe3 Nd4 14. Qd2 c4 15.
Nxd4 Qxd4+ 16. Kh1 cxd3 17. cxd3 Qxb2 18. Qxb2 Bxb2 19. Rab1 Bd4 20. Nf3 Bc3
21. Rfc1 Ba5 22. Nd4 Bd7 23. Nc6 Bxc6 24. Rxc6 Rfc8 25. Ra6 Bb6 26. Bh3 e6 27.
Rxb5 Rc1+ 28. Kg2 Rc2+ 29. Kh1 Rd2 30. Rb4 Rc8 31. Rc4 Rxc4 32. dxc4 Re2 33. f5
Rxe4 34. fxe6 fxe6 35. Ra3 Kf7 36. Rf3+ Ke7 37. Bf1 Bc5 38. Rb3 Kf6 39. Rf3+
Ke5 40. Rf7 Re1 41. Kg2 Ra1 42. Rxh7 Rxa2+ 43. Kh3 Bg1 44. Kg4 Rxh2 45. Rg7 Kf6
46. Rd7 Bc5 47. Bd3 Rd2 48. Bf1 a5 49. Rd8 a4 50. Rf8+ Ke7 51. Ra8 a3 52. Ra4
a2 0-1

[Event "XXVI Ogolnopolska Olimpiada Mlodziezy"]
[Site "Pulawy"]
[Date "2020.10.07"]
[Round "4.4"]
[White "Egeman, Emilia"]
[Black "Siekanska, Maria"]
[Result "0-1"]
[WhiteElo "1534"]
[BlackElo "1916"]
[PlyCount "106"]
[EventDate "2020.10.04"]
[EventType "swiss"]
[Tiebreak "Sum of Buchholz+Median1 Buchholz+Sonneborn-Berger (Swiss)"]

1. e4 c5 2. Nf3 e6 3. d4 cxd4 4. Nxd4 Nc6 5. Nc3 d6 6. Be3 Be7 7. f4 Nf6 8. Qf3
O-O 9. Be2 Qc7 10. O-O-O Rd8 11. g4 Nxd4 12. Bxd4 e5 13. fxe5 dxe5 14. Qg3 Rxd4
15. Rxd4 Be6 16. g5 Nd7 17. Nd5 Qd8 18. Nxe7+ Qxe7 19. Ra4 Qc5 20. Qa3 Qf2 21.
Qf3 Qc5 22. Qd3 Rc8 23. Ra3 Qe7 24. h4 a6 25. Kb1 Nc5 26. Qf3 b5 27. Qg2 b4 28.
Re3 Qc7 29. Bg4 Bxg4 30. Qxg4 a5 31. h5 a4 32. g6 fxg6 33. hxg6 h6 34. Qe2 Ne6
35. Rh2 Nd4 36. Qd2 Qb6 37. c3 bxc3 38. Rxc3 Rxc3 39. Qxc3 Qxg6 40. Qc8+ Kh7
41. Rh4 Qg1+ 42. Qc1 Qg3 43. Rh1 Qd3+ 44. Ka1 Qxe4 45. Rh3 Nc2+ 46. Kb1 Nb4+
47. Ka1 a3 48. bxa3 Nd3 49. Rxd3 Qxd3 50. Qb1 Qxb1+ 51. Kxb1 h5 52. a4 h4 53.
Kb2 h3 0-1

[Event "XXVI Ogolnopolska Olimpiada Mlodziezy"]
[Site "Pulawy"]
[Date "2020.10.07"]
[Round "4.4"]
[White "Jeda, Maciej"]
[Black "Dziewonski, Dariusz"]
[Result "1/2-1/2"]
[WhiteElo "1768"]
[BlackElo "2014"]
[PlyCount "75"]
[EventDate "2020.10.04"]
[EventType "swiss"]
[Tiebreak "Sum of Buchholz+Median1 Buchholz+Sonneborn-Berger (Swiss)"]

1. e4 c5 2. Nf3 e6 3. d4 cxd4 4. Nxd4 Nf6 5. Nc3 Nc6 6. Nb3 d5 7. exd5 exd5 8.
Bd3 Bb4 9. Bd2 O-O 10. Ne2 Ne4 11. Bxb4 Nxb4 12. O-O Nc6 13. c3 Re8 14. Ned4
Qg5 15. Re1 Bh3 16. Bf1 Rad8 17. Qd3 Bf5 18. Nxf5 Qxf5 19. f3 Nd6 20. Qxf5 Nxf5
21. Kf2 Kf8 22. Rad1 Rxe1 23. Rxe1 d4 24. Bd3 Nfe7 25. cxd4 Nxd4 26. Nxd4 Rxd4
27. Be4 Nc6 28. Ke3 Rd6 29. Rc1 Ke7 30. Rc5 g6 31. Bxc6 bxc6 32. Re5+ Kd8 33.
Ra5 Rd7 34. Ra6 Rc7 35. Kd4 Rd7+ 36. Kc3 Rc7 37. Kd4 Rd7+ 38. Ke4 1/2-1/2

[Event "XXVI Ogolnopolska Olimpiada Mlodziezy"]
[Site "Pulawy"]
[Date "2020.10.07"]
[Round "4.4"]
[White "Krasniewski, Maciej"]
[Black "Musial, Igor"]
[Result "1/2-1/2"]
[WhiteElo "1525"]
[BlackElo "1722"]
[PlyCount "196"]
[EventDate "2020.10.04"]
[EventType "swiss"]
[Tiebreak "Sum of Buchholz+Median1 Buchholz+Sonneborn-Berger (Swiss)"]

1. e4 c5 2. Nf3 d6 3. d4 cxd4 4. Nxd4 Nf6 5. Nc3 Nc6 6. g3 g6 7. Nde2 Bg7 8.
Bg2 O-O 9. O-O Bd7 10. h3 Ne8 11. Be3 e6 12. Qd2 Qe7 13. Rad1 Rd8 14. b3 Bc8
15. Rfe1 Nc7 16. a4 b6 17. f4 d5 18. exd5 exd5 19. Nd4 Nxd4 20. Bxd4 Be6 21.
Bxg7 Kxg7 22. Qd4+ Qf6 23. Re5 Rd7 24. g4 Kg8 25. f5 gxf5 26. gxf5 Bxf5 27. Rf1
Ne6 28. Nxd5 Qh6 29. Qc3 Rxd5 30. Rxd5 Bg6 31. a5 Re8 32. Re1 Qf4 33. axb6 axb6
34. Qe3 Qxe3+ 35. Rxe3 Bxc2 36. Rd6 Rb8 37. Be4 Bxe4 38. Rxe4 Kf8 39. Rb4 b5
40. Rd5 Nc7 41. Rc5 Rb7 42. Rh4 Ne6 43. Rch5 b4 44. Rc4 Ke7 45. Rhh4 Ng5 46.
Kg2 Rd7 47. Rhd4 Ra7 48. Rxb4 Ne6 49. Rd2 Nc5 50. Rb5 Ne6 51. Kg3 Ra1 52. Rb7+
Kf8 53. b4 Ra3+ 54. Kg4 h5+ 55. Kxh5 Rxh3+ 56. Kg4 Rb3 57. Rdd7 Kg8 58. Rxf7
Rxb4+ 59. Rxb4 Kxf7 60. Kf5 Ng7+ 61. Ke5 Kg6 62. Rb1 Kg5 63. Rg1+ Kh6 64. Kf6
Nh5+ 65. Kf7 Nf4 66. Rg4 Nh5 67. Rg6+ Kh7 68. Rg5 Kh6 69. Rg6+ Kh7 70. Rg4 Kh6
71. Ke6 Ng7+ 72. Ke5 Nh5 73. Rg1 Ng7 74. Kf4 Nh5+ 75. Kg4 Kg6 76. Kh4+ Kh6 77.
Ra1 Nf6 78. Ra6 Kg6 79. Rb6 Kf5 80. Rb5+ Kf4 81. Rb1 Ne4 82. Rf1+ Ke3 83. Rf8
Kd4 84. Kg4 Ke5 85. Re8+ Kd5 86. Kf4 Nd6 87. Re1 Nc4 88. Rd1+ Kc5 89. Ke4 Nd6+
90. Ke5 Nc4+ 91. Ke6 Ne3 92. Rd3 Nc4 93. Rd5+ Kc6 94. Rd8 Kc5 95. Rd5+ Kc6 96.
Rd1 Kc5 97. Rc1 Kd4 98. Rxc4+ Kxc4 1/2-1/2

[Event "XXVI Ogolnopolska Olimpiada Mlodziezy"]
[Site "Pulawy"]
[Date "2020.10.07"]
[Round "4.4"]
[White "Sliwicka, Weronika"]
[Black "Seemann, Pola"]
[Result "0-1"]
[WhiteElo "1272"]
[BlackElo "1566"]
[PlyCount "74"]
[EventDate "2020.10.04"]
[EventType "swiss"]
[Tiebreak "Sum of Buchholz+Median1 Buchholz+Sonneborn-Berger (Swiss)"]

1. e4 e5 2. Nf3 Nc6 3. Nc3 Nf6 4. d4 exd4 5. Nxd4 Bb4 6. Nxc6 bxc6 7. Bd3 d5 8.
exd5 O-O 9. O-O cxd5 10. Bg5 c6 11. Qf3 Be7 12. h3 Be6 13. Rae1 Rb8 14. Nd1 h6
15. Bc1 Nd7 16. Qg3 Kh8 17. Bf4 Rb7 18. Ba6 Rb4 19. b3 Nc5 20. Bxh6 Rg8 21. Bd2
Nxa6 22. Bxb4 Nxb4 23. Qe5 Re8 24. Ne3 d4 25. Qh5+ Kg8 26. Nf5 Nxc2 27. Nxe7+
Rxe7 28. Rc1 d3 29. Rfd1 Rd7 30. Qc5 Nd4 31. Kf1 Ne2 32. Ra1 Qc7 33. f3 Ng3+
34. Kf2 Rd5 35. Qe3 Nf5 36. Qe1 Qb6+ 37. Kf1 Ne3+ 0-1

[Event "XXVI Ogolnopolska Olimpiada Mlodziezy"]
[Site "Pulawy"]
[Date "2020.10.07"]
[Round "4.5"]
[White "Herwy, Jakub"]
[Black "Meers, Hubert"]
[Result "0-1"]
[WhiteElo "1754"]
[BlackElo "1988"]
[PlyCount "130"]
[EventDate "2020.10.04"]
[EventType "swiss"]
[Tiebreak "Sum of Buchholz+Median1 Buchholz+Sonneborn-Berger (Swiss)"]

1. e4 c5 2. Nf3 Nc6 3. d4 cxd4 4. Nxd4 Nf6 5. Nc3 d6 6. Be2 e5 7. Nf3 h6 8. O-O
Be7 9. Re1 Be6 10. Bf1 O-O 11. h3 Rc8 12. Nd5 Bxd5 13. exd5 Nb4 14. c4 a5 15.
a3 Na6 16. Be3 Nd7 17. Nd2 f5 18. f4 Bh4 19. Re2 Bg3 20. fxe5 Nxe5 21. Bd4 Nc5
22. b4 Ncd3 23. Qb3 Qh4 24. Bxe5 Bxe5 25. Qxd3 Qd4+ 26. Qxd4 Bxd4+ 27. Kh1 Bxa1
28. Nb3 axb4 29. Nxa1 Rxc4 30. Rf2 Rc1 31. Nb3 Rc3 32. Nd4 bxa3 33. Nb5 Rb3 34.
Ra2 Re8 35. Bc4 Rb4 36. Nxd6 Rd8 37. Nxb7 Rxb7 38. Rxa3 Rb4 39. Ba2 Rd6 40. Kh2
Kf7 41. Re3 Kf6 42. Re2 g5 43. g3 h5 44. Kg2 Rdb6 45. h4 g4 46. Kf2 Rb2 47. Bc4
Rxe2+ 48. Kxe2 Ke5 49. Ke3 Rb4 50. Bd3 Rb3 51. Ke2 Kxd5 52. Bxf5 Rxg3 53. Bg6
Rh3 54. Bxh5 Rxh4 55. Bf7+ Ke4 56. Kf2 Kf4 57. Kg2 Rh7 58. Bd5 Rc7 59. Bb3 Rc3
60. Ba4 Ra3 61. Bc6 Ra2+ 62. Kf1 Kg3 63. Bd5 Ra1+ 64. Ke2 Kh2 65. Be6 g3 0-1

[Event "XXVI Ogolnopolska Olimpiada Mlodziezy"]
[Site "Pulawy"]
[Date "2020.10.07"]
[Round "4.5"]
[White "Obrochta, Lena"]
[Black "Trybus, Dominika"]
[Result "1-0"]
[WhiteElo "1765"]
[BlackElo "1471"]
[PlyCount "157"]
[EventDate "2020.10.04"]
[EventType "swiss"]
[Tiebreak "Sum of Buchholz+Median1 Buchholz+Sonneborn-Berger (Swiss)"]

1. e4 c6 2. d4 d5 3. exd5 cxd5 4. Bd3 Nc6 5. c3 g6 6. Bf4 Nh6 7. Nf3 Bg7 8. O-O
Bf5 9. Re1 O-O 10. Qd2 Bxd3 11. Bxh6 Bxh6 12. Qxh6 f6 13. Re3 Ba6 14. Nbd2 Qd6
15. Rae1 Rf7 16. Re6 Qc7 17. Nh4 Rg7 18. f4 Nd8 19. Qxg7+ Kxg7 20. Rxe7+ Qxe7
21. Rxe7+ Nf7 22. Kf2 Kf8 23. Re3 Nh6 24. h3 Kf7 25. g4 Re8 26. Ng2 Rxe3 27.
Nxe3 Ke6 28. Ke1 Bd3 29. Nb3 b6 30. Kd2 Be4 31. Nc1 Nf7 32. a4 Nd6 33. b3 Bb1
34. c4 Ne4+ 35. Ke1 dxc4 36. Nxc4 Kd5 37. Ne2 Bd3 38. Ne3+ Kd6 39. Ng1 h6 40.
Nf3 Ba6 41. Nd2 Nc3 42. Nf3 Ne2 43. f5 g5 44. Nd2 Nxd4 45. Kf2 Ke5 46. b4 Bd3
47. Nd1 b5 48. axb5 Nxb5 49. Ke3 Bc2 50. Nb2 Nd6 51. Nf3+ Kd5 52. Nd2 a6 53.
Nd3 Nc4+ 54. Nxc4 Kxc4 55. Nc5 Kxb4 56. Nxa6+ Kc3 57. Nc5 Bd1 58. Nd7 h5 59.
gxh5 Bxh5 60. Nxf6 Bf7 61. Ke4 Kc4 62. Ng4 Kc5 63. Ke5 Bd5 64. f6 Kc6 65. Nh6
Ba2 66. f7 Bxf7 67. Nxf7 Kd7 68. Kf6 Ke8 69. Nxg5 Kf8 70. Kg6 Kg8 71. h4 Kh8
72. h5 Kg8 73. h6 Kh8 74. Nf7+ Kg8 75. h7+ Kf8 76. h8=Q+ Ke7 77. Qf6+ Kf8 78.
Nd6+ Kg8 79. Qg7# 1-0

[Event "XXVI Ogolnopolska Olimpiada Mlodziezy"]
[Site "Pulawy"]
[Date "2020.10.07"]
[Round "4.5"]
[White "Salamon, Julia"]
[Black "Lewicka, Joanna"]
[Result "1/2-1/2"]
[WhiteElo "1551"]
[BlackElo "1243"]
[PlyCount "85"]
[EventDate "2020.10.04"]
[EventType "swiss"]
[Tiebreak "Sum of Buchholz+Median1 Buchholz+Sonneborn-Berger (Swiss)"]

1. d4 d5 2. c4 e6 3. Nc3 Nf6 4. Bg5 Be7 5. Nf3 O-O 6. e3 Nbd7 7. Bd3 dxc4 8.
Bxc4 c5 9. O-O a6 10. a4 cxd4 11. exd4 Nb6 12. Bb3 Bd7 13. Ne5 Rc8 14. Qf3 Bc6
15. Nxc6 Rxc6 16. Rfd1 Qc7 17. Rac1 Nc4 18. Bxc4 Rxc4 19. b3 Rc6 20. Ne2 Rc8
21. Rxc6 Qxc6 22. Rc1 Qd7 23. Rxc8+ Qxc8 24. Qd3 h6 25. Bxf6 Bxf6 26. h3 Qd7
27. Qe4 Kf8 28. f4 Qd5 29. Qxd5 exd5 30. Kf2 Ke7 31. Ke3 Ke6 32. Nc3 Be7 33. g4
g5 34. f5+ Kd6 35. Kd3 Kc6 36. Na2 Bd6 37. b4 b5 38. a5 f6 39. Kc3 Bf4 40. Kc2
Be3 41. Kd3 Bf4 42. Nc3 Bd6 43. Na2 1/2-1/2

[Event "XXVI Ogolnopolska Olimpiada Mlodziezy"]
[Site "Pulawy"]
[Date "2020.10.07"]
[Round "4.5"]
[White "Warchol, Kamil"]
[Black "Karp, Kacper"]
[Result "1-0"]
[WhiteElo "1875"]
[BlackElo "1562"]
[PlyCount "93"]
[EventDate "2020.10.04"]
[EventType "swiss"]
[Tiebreak "Sum of Buchholz+Median1 Buchholz+Sonneborn-Berger (Swiss)"]

1. e4 c5 2. Nf3 e6 3. d4 cxd4 4. Nxd4 Nf6 5. Nc3 d6 6. Be2 a6 7. O-O Be7 8. f4
Nc6 9. Kh1 Qc7 10. a4 O-O 11. Nb3 b6 12. Be3 Rd8 13. Bf3 Bb7 14. Qe1 Rab8 15.
Qf2 Ba8 16. g4 e5 17. f5 d5 18. exd5 Nb4 19. a5 bxa5 20. Ba7 Rb7 21. Bc5 Bxc5
22. Nxc5 Rbb8 23. N5e4 Nfxd5 24. f6 Nf4 25. fxg7 Kxg7 26. Qh4 Rb6 27. g5 Nbd5
28. Nxd5 Nxd5 29. Nf6 Nxf6 30. Qh6+ Kh8 31. gxf6 Bxf3+ 32. Rxf3 Rg8 33. Rg1
Rxg1+ 34. Kxg1 Qc5+ 35. Rf2 Rxf6 36. Qxf6+ Kg8 37. Qd8+ Kg7 38. Qd3 Qb6 39. Kf1
Qxb2 40. Rg2+ Kf6 41. Qd6+ Kf5 42. Rf2+ Kg4 43. Qd7+ Kh4 44. Qd8+ Kg4 45. Qg8+
Kh5 46. Rf5+ Kh4 47. Qg3# 1-0

[Event "XXVI Ogolnopolska Olimpiada Mlodziezy"]
[Site "Pulawy"]
[Date "2020.10.07"]
[Round "4.6"]
[White "Malek, Jan"]
[Black "Krupinski, Mikolaj"]
[Result "1/2-1/2"]
[WhiteElo "1941"]
[BlackElo "1776"]
[PlyCount "137"]
[EventDate "2020.10.04"]
[EventType "swiss"]
[Tiebreak "Sum of Buchholz+Median1 Buchholz+Sonneborn-Berger (Swiss)"]

1. e4 c5 2. c3 Nf6 3. e5 Nd5 4. Nf3 d6 5. exd6 Qxd6 6. g3 Nc6 7. Bg2 Bf5 8. d4
Qe6+ 9. Qe2 Qxe2+ 10. Kxe2 cxd4 11. Nxd4 Nxd4+ 12. cxd4 Rd8 13. Nc3 Bg4+ 14. f3
Be6 15. Nxd5 Bxd5 16. Be3 g6 17. b3 Bg7 18. Rac1 Bc6 19. Rhd1 O-O 20. Kf2 Rd7
21. Rc2 Rfd8 22. d5 Rxd5 23. Rxd5 Bxd5 24. Bxa7 Bc6 25. f4 Bxg2 26. Kxg2 f5 27.
Be3 Rd7 28. Kf3 Kf7 29. Ke2 e5 30. fxe5 Bxe5 31. a4 Re7 32. Kf3 Rd7 33. Rd2 Rc7
34. Rd5 Bf6 35. Rb5 Ke8 36. Bf4 Rd7 37. h4 Kd8 38. a5 Bd4 39. Rb4 Bc3 40. Bg5+
Kc8 41. Rb5 Bd4 42. Bf4 Kd8 43. Ke2 Ba7 44. Re5 Bd4 45. Rb5 Ba7 46. Kf1 Rd1+
47. Kg2 Rd7 48. Kh3 Kc8 49. h5 Kd8 50. Re5 Bd4 51. Re6 Bc3 52. Bg5+ Kc7 53. a6
bxa6 54. Rxa6 gxh5 55. Bf4+ Kb7 56. Rh6 Rf7 57. Rxh5 Kc6 58. Kg2 Bd4 59. Kf3
Bc5 60. Bd2 Bd6 61. b4 Rg7 62. Be1 Rf7 63. Rh6 Kd5 64. b5 Rb7 65. Rf6 Rxb5 66.
Rxf5+ Kc6 67. Rxb5 Kxb5 68. g4 Kc6 69. Ke4 1/2-1/2

[Event "XXVI Ogolnopolska Olimpiada Mlodziezy"]
[Site "Pulawy"]
[Date "2020.10.07"]
[Round "4.6"]
[White "Nagly, Wojciech"]
[Black "Grot, Blazej"]
[Result "0-1"]
[WhiteElo "1545"]
[BlackElo "1791"]
[PlyCount "102"]
[EventDate "2020.10.04"]
[EventType "swiss"]
[Tiebreak "Sum of Buchholz+Median1 Buchholz+Sonneborn-Berger (Swiss)"]

1. e4 c5 2. Nf3 e6 3. c3 Nf6 4. e5 Nd5 5. d4 cxd4 6. cxd4 b6 7. Bc4 Ba6 8. Bxd5
exd5 9. Nc3 Bb4 10. Qb3 Bxc3+ 11. Qxc3 O-O 12. Bg5 Qc8 13. Rc1 Nc6 14. Nh4 f6
15. exf6 Qe8+ 16. Be3 Rxf6 17. Nf3 Qg6 18. Bg5 Rxf3 19. Qxf3 Qxg5 20. Qe3 Qxg2
21. Kd2 Rf8 22. Rhg1 Qxf2+ 23. Qxf2 Rxf2+ 24. Kc3 Rf3+ 25. Kd2 Nxd4 26. Rc7
Rd3+ 27. Ke1 Nf3+ 28. Kf2 Nxg1 29. Kxg1 Rd1+ 30. Kg2 Rd2+ 31. Kg3 Rxb2 32. Rxd7
Bc4 33. Rxa7 Rxa2 34. Rb7 b5 35. Rb8+ Kf7 36. Rb7+ Kf6 37. Rb6+ Kf5 38. Rb7 d4
39. Rxg7 d3 40. Rxh7 d2 41. Rd7 Bb3 42. h4 d1=Q 43. Rxd1 Bxd1 44. Kh3 Ra3+ 45.
Kg2 Bg4 46. Kf2 Kf4 47. h5 Ra2+ 48. Ke1 Bxh5 49. Kf1 Kg3 50. Ke1 Bf3 51. Kf1
Ra1# 0-1

[Event "XXVI Ogolnopolska Olimpiada Mlodziezy"]
[Site "Pulawy"]
[Date "2020.10.07"]
[Round "4.6"]
[White "Uliasz, Katarzyna"]
[Black "Bukala, Weronika"]
[Result "1-0"]
[WhiteElo "1495"]
[BlackElo "1704"]
[PlyCount "93"]
[EventDate "2020.10.04"]
[EventType "swiss"]
[Tiebreak "Sum of Buchholz+Median1 Buchholz+Sonneborn-Berger (Swiss)"]

1. e4 d5 2. exd5 Qxd5 3. Nc3 Qd6 4. d4 Nf6 5. Nf3 Bg4 6. Be2 a6 7. h3 Bh5 8.
Be3 Nc6 9. Qd2 O-O-O 10. O-O-O e6 11. a3 Be7 12. Ng5 Bg6 13. Bf3 Na5 14. Nce4
Qd5 15. Nc3 Qd7 16. Qe2 h6 17. Nge4 Nxe4 18. Bxe4 Bxe4 19. Nxe4 Qc6 20. Qd3 Nc4
21. g4 Qb5 22. b4 Qc6 23. Nd2 Nxd2 24. Kxd2 Bf6 25. c4 Rd7 26. Ke2 Rhd8 27. Qc3
Qe4 28. f3 Qc6 29. Rd3 b5 30. cxb5 Qxc3 31. Rxc3 Bxd4 32. Bxd4 Rxd4 33. bxa6
Kb8 34. Rhc1 R4d7 35. b5 Re7 36. a4 Rdd7 37. a5 Ka7 38. Ke3 e5 39. Rc4 g6 40.
Ke4 f6 41. h4 h5 42. gxh5 f5+ 43. Ke3 gxh5 44. Rc5 e4 45. Rxc7+ Ka8 46. Rc8+
Ka7 47. R1c7+ 1-0

[Event "XXVI Ogolnopolska Olimpiada Mlodziezy"]
[Site "Pulawy"]
[Date "2020.10.07"]
[Round "4.7"]
[White "Dallemura, Anna"]
[Black "Mroz, Lena"]
[Result "0-1"]
[WhiteElo "1420"]
[BlackElo "1623"]
[PlyCount "80"]
[EventDate "2020.10.04"]
[EventType "swiss"]
[Tiebreak "Sum of Buchholz+Median1 Buchholz+Sonneborn-Berger (Swiss)"]

1. e4 c5 2. Nf3 d6 3. d4 Nf6 4. Nc3 cxd4 5. Nxd4 a6 6. Be3 b5 7. a3 e6 8. Bd3
Bb7 9. f4 Nbd7 10. O-O Be7 11. Qe1 O-O 12. Kh1 Qc7 13. Bd2 Rac8 14. Qg3 Kh8 15.
Rae1 Nb6 16. e5 Nfd7 17. exd6 Qxd6 18. Qh3 Nf6 19. Nxe6 fxe6 20. Rxe6 Qd7 21.
Bf5 Qxd2 22. Rxe7 Rb8 23. Qg3 Nh5 24. Qg4 Qxg2+ 25. Qxg2 Bxg2+ 26. Kxg2 Rxf5
27. Kh3 Nxf4+ 28. Kg4 Ng6 29. Kxf5 Nxe7+ 30. Ke6 Ng6 31. Kd6 Rc8 32. Re1 Kg8
33. Rb1 Rc4 34. Ke6 Rd4 35. Rc1 Nc4 36. Na2 Nf8+ 37. Kf5 Kf7 38. Rf1 g6+ 39.
Kg5+ Kg7 40. Rf4 Ne6+ 0-1

[Event "XXVI Ogolnopolska Olimpiada Mlodziezy"]
[Site "Pulawy"]
[Date "2020.10.07"]
[Round "4.7"]
[White "Raczek, Krzysztof"]
[Black "Duda, Szymon"]
[Result "1-0"]
[WhiteElo "1782"]
[BlackElo "1529"]
[PlyCount "139"]
[EventDate "2020.10.04"]
[EventType "swiss"]
[Tiebreak "Sum of Buchholz+Median1 Buchholz+Sonneborn-Berger (Swiss)"]

1. c4 e5 2. Nc3 Nc6 3. g3 f5 4. Bg2 Nf6 5. d3 d6 6. e3 g6 7. Nge2 Bg7 8. Rb1 a5
9. a3 O-O 10. O-O Be6 11. Nd5 Rb8 12. Bd2 Nd7 13. Nec3 Na7 14. Ne2 c6 15. Ndc3
Nc8 16. b4 axb4 17. axb4 Ne7 18. Re1 Nb6 19. Na4 Nxa4 20. Qxa4 Ra8 21. Qc2 Qc7
22. Ra1 Rfb8 23. Bc3 Bf7 24. Nc1 Qb6 25. Nb3 Qc7 26. Qb2 Nc8 27. f4 Be8 28. c5
Rxa1 29. Qxa1 d5 30. fxe5 Ne7 31. d4 Qc8 32. Qb2 Bd7 33. Ra1 Qc7 34. Qa2 Kf8
35. b5 cxb5 36. Ba5 Qc8 37. Bb6 Bc6 38. Bf1 Qd7 39. Qa5 Bh6 40. Re1 Qc8 41. Qc3
Qd7 42. Bh3 Qc8 43. Qc2 Kg8 44. Kg2 Qd7 45. Qe2 Rf8 46. Ra1 Rb8 47. Na5 Nc8 48.
g4 Nxb6 49. cxb6 fxg4 50. Bxg4 Qd8 51. Qf3 Qf8 52. Qxf8+ Bxf8 53. Be6+ Kh8 54.
Rc1 Bh6 55. Kf3 Re8 56. Bg4 Bg5 57. Nxc6 bxc6 58. Rxc6 Rb8 59. Rc8+ Rxc8 60.
Bxc8 Bd8 61. b7 Bc7 62. Be6 Kg7 63. Bxd5 Kf8 64. Ke4 Ke7 65. Bc6 b4 66. d5 Bb8
67. d6+ Kd8 68. Kd5 b3 69. e6 Bc7 70. e7# 1-0

[Event "XXVI Ogolnopolska Olimpiada Mlodziezy"]
[Site "Pulawy"]
[Date "2020.10.07"]
[Round "4.7"]
[White "Zdybel, Przemyslaw"]
[Black "Bancarewicz, Aleks"]
[Result "1/2-1/2"]
[WhiteElo "1938"]
[BlackElo "1757"]
[PlyCount "117"]
[EventDate "2020.10.04"]
[EventType "swiss"]
[Tiebreak "Sum of Buchholz+Median1 Buchholz+Sonneborn-Berger (Swiss)"]

1. e4 c5 2. Nf3 d6 3. d4 cxd4 4. Nxd4 Nf6 5. Nc3 a6 6. Be3 e5 7. Nb3 Be6 8. f3
Be7 9. Qd2 O-O 10. O-O-O Nbd7 11. g4 b5 12. g5 b4 13. Ne2 Ne8 14. f4 a5 15. f5
a4 16. Nbd4 exd4 17. Nxd4 b3 18. Kb1 bxc2+ 19. Nxc2 Bb3 20. axb3 axb3 21. Na3
Ne5 22. h4 Ra4 23. Bd4 Qa8 24. Qe3 Nf6 25. gxf6 Bxf6 26. Rg1 Rxa3 27. bxa3 Qxa3
28. Rg2 Ra8 29. Qc3 Qa4 30. Qb2 Nc4 31. Bxc4 Qxc4 32. Rgd2 Ra2 33. Qc3 Qxc3 34.
Bxc3 Bxc3 35. Rxa2 bxa2+ 36. Kxa2 Be5 37. Kb3 g6 38. Rg1 Kg7 39. h5 Kf6 40.
fxg6 fxg6 41. hxg6 hxg6 42. Kc4 g5 43. Kd5 Bf4 44. Rf1 Ke7 45. Kd4 Ke6 46. Rh1
Be5+ 47. Ke3 Bf4+ 48. Kf3 Ke5 49. Rb1 d5 50. exd5 Kxd5 51. Re1 Kd4 52. Re8 Kd5
53. Kg4 Kd4 54. Kf5 Kd3 55. Rd8+ Ke3 56. Ra8 Kf3 57. Ra3+ Be3 58. Rxe3+ Kxe3
59. Kxg5 1/2-1/2

[Event "XXVI Ogolnopolska Olimpiada Mlodziezy"]
[Site "Pulawy"]
[Date "2020.10.07"]
[Round "4.8"]
[White "Arciszewska, Zuzanna"]
[Black "Wiecek, Karolina"]
[Result "1-0"]
[WhiteElo "1593"]
[BlackElo "1438"]
[PlyCount "83"]
[EventDate "2020.10.04"]
[EventType "swiss"]
[Tiebreak "Sum of Buchholz+Median1 Buchholz+Sonneborn-Berger (Swiss)"]

1. d4 d5 2. Nf3 e6 3. c4 Nf6 4. cxd5 exd5 5. Qc2 Bb4+ 6. Bd2 Bxd2+ 7. Nbxd2 Nc6
8. e3 O-O 9. a3 a6 10. Bd3 Re8 11. O-O Bg4 12. Rac1 Rc8 13. b4 Qd6 14. h3 Bh5
15. Qc5 Qxc5 16. Rxc5 Ra8 17. Rfc1 Nd7 18. Rxd5 Nf6 19. Rdc5 Red8 20. Ng5 h6
21. Nge4 Nxe4 22. Bxe4 Bg6 23. Bxg6 fxg6 24. Nf3 Re8 25. d5 Ne7 26. Nd4 b6 27.
Rxc7 Nxd5 28. R7c6 g5 29. Rd6 Rad8 30. Rxd8 Rxd8 31. Kf1 Kf7 32. Ke2 Kf6 33.
Rc6+ Kf7 34. Kf3 Rd7 35. Ke4 Nf6+ 36. Kd3 Nd5 37. Kc4 g6 38. Nf3 Kg7 39. Ne5
Ne7 40. Nxd7 Nxc6 41. Nxb6 Nb8 42. Kc5 1-0

[Event "XXVI Ogolnopolska Olimpiada Mlodziezy"]
[Site "Pulawy"]
[Date "2020.10.07"]
[Round "4.8"]
[White "Drzewiecki, Milosz"]
[Black "Janeczko, Jakub"]
[Result "0-1"]
[WhiteElo "1246"]
[BlackElo "1933"]
[PlyCount "60"]
[EventDate "2020.10.04"]
[EventType "swiss"]
[Tiebreak "Sum of Buchholz+Median1 Buchholz+Sonneborn-Berger (Swiss)"]

1. e4 c5 2. Nf3 Nc6 3. d4 cxd4 4. Nxd4 Nf6 5. Nc3 e6 6. Be3 Bb4 7. Bd3 d5 8.
exd5 Nxd5 9. Nxc6 bxc6 10. Bd4 Nxc3 11. Bxc3 Bxc3+ 12. bxc3 O-O 13. O-O Qc7 14.
Re1 c5 15. Re3 Bd7 16. Rh3 g6 17. Qd2 e5 18. Rh4 Be6 19. Qh6 f5 20. g4 Rae8 21.
gxf5 gxf5 22. Rh5 Kh8 23. Bb5 Rg8+ 24. Kf1 Qb7 25. Bc6 Qa6+ 26. Ke1 Rg1+ 27.
Kd2 Rd8+ 28. Ke3 f4+ 29. Kf3 Bg4+ 30. Ke4 Qe2# 0-1